[Event "Barcelona Sants op 21st"]
[Site "Barcelona"]
[Date "2019.08.25"]
[Round "3"]
[White "Sole Bove, Josep Maria"]
[Black "Perez Garcia, Jose Miguel"]
[Result "1/2-1/2"]
[WhiteElo "1793"]
[BlackElo "1904"]
[PlyCount "20"]
[EventDate "2019.08.23"]
[EventType "swiss"]
[EventRounds "10"]
[EventCountry "ESP"]
[SourceTitle "EXT 2020"]
[Source "ChessBase"]
[SourceDate "2019.10.17"]
[SourceVersion "1"]
[SourceVersionDate "2019.10.17"]
[SourceQuality "1"]

1. e4 e6 2. d4 d5 3. Nd2 Nf6 4. e5 Nfd7 5. Bd3 c5 6. c3 Nc6 7. Ne2 cxd4 8. cxd4 Qb6 9. Nf3 Bb4+ 10. Kf1 Be7 1/2-1/2

[Event "Llinars del Valles op-A 13th"]
[Site "Llinars del Valles"]
[Date "2019.06.15"]
[Round "8"]
[White "Sole Bove, Josep Maria"]
[Black "Rodriguez Martinez, Juan P"]
[Result "0-1"]
[WhiteElo "1806"]
[BlackElo "1789"]
[PlyCount "78"]
[EventDate "2019.03.30"]
[EventType "swiss"]
[EventRounds "8"]
[EventCountry "ESP"]
[SourceTitle "EXT 2020"]
[Source "ChessBase"]
[SourceDate "2019.10.17"]
[SourceVersion "1"]
[SourceVersionDate "2019.10.17"]
[SourceQuality "1"]

1. e4 c5 2. Nf3 Nc6 3. d4 cxd4 4. Nxd4 Nf6 5. Nc3 e5 6. Ndb5 d6 7. Bg5 a6 8. Na3 b5 9. Nd5 Be7 10. Nxe7 Qxe7 11. f3 Be6 12. c3 Rd8 13. Bd3 0-0 14. Qc2 Rc8 15. Qe2 h6 16. Be3 d5 17. Nc2 dxe4 18. fxe4 Rfd8 19. h3 Qd6 20. Rd1 Bxa2 21. 0-0 Qe7 22. Qf3 Bb3 23. Rf2 Nh7 24. Qe2 Rd7 25. Rd2 Qh4 26. Ne1 Qe7 27. Qf3 Na5 28. Kh2 Bc4 29. Bb6 Nb3 30. Rd1 Ng5 31. Qe2 Qd6 32. Be3 Nxe4 33. Bxc4 Qxd1 34. Bxf7+ Kh8 35. Bxb3 Qxb3 36. Bxh6 Nxf2 37. Qxe5 Qf7 38. Nf3 Re8 39. Bxg7+ Kg8 0-1

[Event "Llinars del Valles op-A 13th"]
[Site "Llinars del Valles"]
[Date "2019.06.01"]
[Round "6"]
[White "Sole Bove, Josep Maria"]
[Black "Muntal Corrales, Arnau"]
[Result "0-1"]
[WhiteElo "1806"]
[BlackElo "1553"]
[PlyCount "96"]
[EventDate "2019.03.30"]
[EventType "swiss"]
[EventRounds "8"]
[EventCountry "ESP"]
[SourceTitle "EXT 2020"]
[Source "ChessBase"]
[SourceDate "2019.10.17"]
[SourceVersion "1"]
[SourceVersionDate "2019.10.17"]
[SourceQuality "1"]

1. d4 d5 2. c4 e6 3. Nf3 Nf6 4. g3 Be7 5. Bg2 0-0 6. Nc3 a6 7. 0-0 b6 8. Qc2 Bb7 9. b3 c5 10. Rd1 Nbd7 11. dxc5 Bxc5 12. cxd5 Nxd5 13. Ng5 g6 14. Nxd5 Bxd5 15. Bxd5 exd5 16. Rxd5 Qf6 17. Bb2 Qxf2+ 18. Kh1 Rae8 19. Ne4 Qe3 20. Nxc5 Nxc5 21. Bd4 Qxe2 22. Qxe2 Rxe2 23. b4 Na4 24. Rd1 f5 25. Rd7 Rfe8 26. a3 Re1+ 27. Rxe1 Rxe1+ 28. Kg2 Re2+ 29. Kh3 Rd2 30. Rd8+ Kf7 31. Bxb6 Ra2 32. Ba5 g5 33. Rd6 Kg7 34. Rd5 Kg6 35. g4 Rxa3+ 36. Kg2 Ra2+ 37. Kg1 fxg4 38. Rd6+ Kf5 39. Rxa6 Nb2 40. Rc6 Nd3 41. Bd8 Nxb4 42. Rc5+ Ke4 43. Rxg5 Kf4 44. Rg7 Nd3 45. Bg5+ Ke4 46. Bh4 Kf3 47. Rf7+ Nf4 48. Kf1 Rxh2 0-1

[Event "Llinars del Valles op-A 13th"]
[Site "Llinars del Valles"]
[Date "2019.03.30"]
[Round "1"]
[White "Rojas Keim, Luis Alberto"]
[Black "Sole Bove, Josep Maria"]
[Result "1-0"]
[WhiteElo "2341"]
[BlackElo "1806"]
[PlyCount "63"]
[EventDate "2019.03.30"]
[EventType "swiss"]
[EventRounds "8"]
[EventCountry "ESP"]
[SourceTitle "EXT 2020"]
[Source "ChessBase"]
[SourceDate "2019.10.17"]
[SourceVersion "1"]
[SourceVersionDate "2019.10.17"]
[SourceQuality "1"]

1. e4 c5 2. Nf3 Nc6 3. Bb5 a6 4. Bxc6 bxc6 5. 0-0 g6 6. d4 Bg7 7. dxc5 Nf6 8. Nc3 0-0 9. e5 Ne8 10. Bf4 Nc7 11. Nd4 Ne6 12. Nxe6 fxe6 13. Qd2 Qa5 14. Qd4 Rb8 15. Nd1 Qb4 16. c4 d5 17. cxd6 exd6 18. a3 Qc5 19. Qxc5 dxc5 20. g3 Rd8 21. Rc1 Rb3 22. Rc2 Rbd3 23. Nc3 h6 24. h4 a5 25. Ne4 Bf8 26. Be3 Rxe3 27. fxe3 Rd3 28. Rcf2 Bg7 29. Nf6+ Kh8 30. Ne8 Rd7 31. Rf8+ Kh7 32. Nxg7 1-0

[Event "Barcelona Primavera La Lira op 11th"]
[Site "Barcelona"]
[Date "2018.05.24"]
[Round "7"]
[White "Sole Bove, Josep Maria"]
[Black "Garcia Miralles, Eduard"]
[Result "1/2-1/2"]
[WhiteElo "1834"]
[BlackElo "1414"]
[PlyCount "111"]
[EventDate "2018.04.12"]
[EventType "swiss"]
[EventRounds "9"]
[EventCountry "ESP"]
[SourceTitle "CBM 184 Extra"]
[Source "ChessBase"]
[SourceDate "2018.06.28"]
[SourceVersion "1"]
[SourceVersionDate "2018.06.28"]
[SourceQuality "1"]

1. e4 e6 2. Nf3 b6 3. g3 Bb7 4. Qe2 c5 5. Bg2 Nc6 6. 0-0 Be7 7. c3 Nf6 8. d4 0-0 9. Bg5 Nxe4 10. Bxe7 Nxe7 11. dxc5 Nxc5 12. Rd1 Qc7 13. Na3 a6 14. Nc4 b5 15. Ne3 Nd5 16. Ng4 f5 17. Nge5 f4 18. Rac1 fxg3 19. hxg3 Rae8 20. c4 bxc4 21. Rxc4 d6 22. Nd3 e5 23. Nxc5 dxc5 24. Rdc1 e4 25. Ng5 e3 26. f4 Qa5 27. b4 cxb4 28. Rc5 Qd8 29. Nxh7 Kxh7 30. Qh5+ Kg8 31. Rxd5 Qb6 32. Kh2 Qh6 33. Qxh6 gxh6 34. Rd7 e2 35. Re1 Bc8 36. Bd5+ Kh8 37. Rd6 Rd8 38. Rxd8 Rxd8 39. Bf3 Rd2 40. Rxe2 Rxe2+ 41. Bxe2 Be6 42. Bxa6 Bxa2 43. Bd3 Kg7 44. Kg1 b3 45. Bc4 Kf6 46. Kf2 Kf5 47. Ke3 Kg4 48. Kf2 Kf5 49. Bf7 Kf6 50. Bg8 Kf5 51. Bc4 Ke4 52. Ke2 Kd4 53. Bf7 Kc3 54. g4 Bb1 55. Bxb3 Kxb3 56. f5 1/2-1/2

[Event "Barcelona Primavera La Lira op 11th"]
[Site "Barcelona"]
[Date "2018.04.26"]
[Round "3"]
[White "Perez Pastora, Evaristo"]
[Black "Sole Bove, Josep Maria"]
[Result "1-0"]
[WhiteElo "2134"]
[BlackElo "1834"]
[PlyCount "103"]
[EventDate "2018.04.12"]
[EventType "swiss"]
[EventRounds "9"]
[EventCountry "ESP"]
[SourceTitle "CBM 184 Extra"]
[Source "ChessBase"]
[SourceDate "2018.06.28"]
[SourceVersion "1"]
[SourceVersionDate "2018.06.28"]
[SourceQuality "1"]

1. Nf3 Nf6 2. g3 g6 3. Bg2 Bg7 4. 0-0 0-0 5. d3 d6 6. e4 e5 7. h3 c6 8. Nbd2 Nbd7 9. Nc4 Nc5 10. a4 Ne6 11. Be3 Nh5 12. d4 Qc7 13. c3 Rd8 14. Qe2 b6 15. Na3 a5 16. Qc2 Ba6 17. Rfd1 Rac8 18. Qb3 c5 19. Nb5 Bxb5 20. Qxb5 Qb7 21. dxe5 dxe5 22. Ng5 Rxd1+ 23. Rxd1 Nf8 24. Rd6 Rb8 25. b4 h6 26. Nf3 Qc7 27. Rc6 Qd8 28. bxc5 bxc5 29. Qxc5 Qd1+ 30. Kh2 Qxa4 31. Qc4 Qxc4 32. Rxc4 Rb2 33. Ra4 Rc2 34. Rxa5 Rxc3 35. Nxe5 Rc8 36. Ng4 Kh7 37. Ne5 Rc7 38. Nd3 Nd7 39. Nb4 Bc3 40. Rb5 Nhf6 41. Nd5 Rc4 42. Rb7 Kg7 43. Nxc3 Rxc3 44. Bd4 Nc5 45. Bxc3 Nxb7 46. Bxf6+ Kxf6 47. e5+ Kxe5 48. Bxb7 Kf6 49. Kg2 Kg7 50. Kf3 Kf6 51. Kf4 Ke6 52. Ke4 1-0

[Event "Barcelona Primavera La Lira op 11th"]
[Site "Barcelona"]
[Date "2018.04.19"]
[Round "2"]
[White "Sole Bove, Josep Maria"]
[Black "Ramos Alvarez, Maximo"]
[Result "1/2-1/2"]
[WhiteElo "1834"]
[BlackElo "1916"]
[PlyCount "75"]
[EventDate "2018.04.12"]
[EventType "swiss"]
[EventRounds "9"]
[EventCountry "ESP"]
[SourceTitle "CBM 184 Extra"]
[Source "ChessBase"]
[SourceDate "2018.06.28"]
[SourceVersion "1"]
[SourceVersionDate "2018.06.28"]
[SourceQuality "1"]

1. Nf3 Nf6 2. c4 g6 3. Nc3 Bg7 4. e4 d6 5. d4 0-0 6. Be2 e5 7. dxe5 dxe5 8. Qxd8 Rxd8 9. Bg5 Re8 10. 0-0-0 c6 11. Rd6 Nbd7 12. Rhd1 h6 13. Bxf6 Nxf6 14. Rd8 Kf8 15. Rxe8+ Nxe8 16. Nd2 Nc7 17. Bd3 Ne6 18. Ne2 Nc5 19. Bc2 Be6 20. b4 Na6 21. a3 Nc7 22. Kb2 a5 23. Nc3 Ke7 24. Bd3 Bd7 25. Ne2 Be6 26. Nc3 axb4 27. axb4 Na6 28. Na2 f5 29. f3 Nc7 30. Nc3 Na6 31. Na2 Rd8 32. Kc2 Bf6 33. Nb3 Ra8 34. Kb2 b6 35. h3 Nc7 36. Nc3 Bd7 37. Ra1 Rxa1 38. Kxa1 1/2-1/2

[Event "Catalunya-chT GpB final"]
[Site "Barcelona"]
[Date "2017.04.01"]
[Round "4.10"]
[White "Sole Bove, Josep Maria"]
[Black "Campins Machado, Francesc"]
[Result "1-0"]
[WhiteElo "1842"]
[BlackElo "2058"]
[PlyCount "65"]
[EventDate "2017.03.11"]
[EventType "team-tourn"]
[EventRounds "11"]
[EventCountry "ESP"]
[SourceTitle "EXT 2018"]
[Source "ChessBase"]
[SourceDate "2017.10.13"]
[SourceVersion "1"]
[SourceVersionDate "2017.10.13"]
[SourceQuality "1"]
[WhiteTeam "Montcada"]
[BlackTeam "Sant Josep de Badalona"]
[WhiteTeamCountry "ESP"]
[BlackTeamCountry "ESP"]

1. e4 c5 2. Nf3 e6 3. d4 cxd4 4. Nxd4 Nf6 5. Nc3 d6 6. Be3 Be7 7. g4 h6 8. Be2 Nc6 9. Qd2 Nxd4 10. Qxd4 e5 11. Qd1 Be6 12. h3 Rc8 13. Bb5+ Kf8 14. Bd3 d5 15. exd5 Nxd5 16. Nxd5 Qxd5 17. Rg1 Rd8 18. Kf1 e4 19. Be2 Qe5 20. Qe1 Qxb2 21. Rb1 Qxc2 22. Rxb7 Bc4 23. Bxc4 Qxc4+ 24. Kg2 h5 25. g5 Qd5 26. Rxa7 Bxg5 27. Ra5 Qe6 28. Rxg5 Qxa2 29. Qb4+ Kg8 30. Kh2 Rh7 31. Qxe4 Qe6 32. Re5 Qd6 33. Rd1 1-0

[Event "Catalunya-chT Gp1"]
[Site "Barcelona"]
[Date "2017.01.28"]
[Round "2.10"]
[White "Sole Bove, Josep Maria"]
[Black "Colls Bosch, Emilio"]
[Result "0-1"]
[WhiteElo "1817"]
[BlackElo "2066"]
[PlyCount "52"]
[EventDate "2017.01.21"]
[EventType "team-tourn"]
[EventRounds "7"]
[EventCountry "ESP"]
[SourceTitle "CBM 176 Extra"]
[Source "ChessBase"]
[SourceDate "2017.03.02"]
[SourceVersion "1"]
[SourceVersionDate "2017.03.02"]
[SourceQuality "1"]
[WhiteTeam "Montcada"]
[BlackTeam "Figueres"]
[WhiteTeamCountry "ESP"]
[BlackTeamCountry "ESP"]

1. d4 Nf6 2. c4 e6 3. Nf3 b6 4. g3 Ba6 5. Qc2 Bb4+ 6. Nbd2 Bb7 7. Bg2 c5 8. 0-0 cxd4 9. Nxd4 Bxg2 10. Kxg2 0-0 11. Ne4 d5 12. Nxf6+ Qxf6 13. Nf3 dxc4 14. Ng5 Qf5 15. e4 Qb5 16. Qe2 Nd7 17. b3 Rac8 18. bxc4 Qxc4 19. Qd1 Nf6 20. Qf3 h6 21. e5 Nd7 22. Ne4 Nxe5 23. Nf6+ gxf6 24. Qxf6 Qd5+ 25. Kh3 Ng6 26. Bxh6 Qh5+ 0-1

[Event "Cerdanyola del Valles op 24th"]
[Site "Cerdanyola del Valles"]
[Date "2016.11.19"]
[Round "7"]
[White "Gonzalez Garcia, Sergi"]
[Black "Sole Bove, Josep Maria"]
[Result "1/2-1/2"]
[WhiteElo "1743"]
[BlackElo "1821"]
[PlyCount "104"]
[EventDate "2016.10.01"]
[EventType "swiss"]
[EventRounds "8"]
[EventCountry "ESP"]
[SourceTitle "EXT 2018"]
[Source "ChessBase"]
[SourceDate "2017.10.13"]
[SourceVersion "1"]
[SourceVersionDate "2017.10.13"]
[SourceQuality "1"]

1. e4 c5 2. Nf3 Nc6 3. d4 cxd4 4. Nxd4 Nf6 5. Nc3 e6 6. Bg5 Qa5 7. Bxf6 gxf6 8. Ndb5 Bb4 9. Nd6+ Ke7 10. Nxc8+ Raxc8 11. Qd2 Bxc3 12. bxc3 Ne5 13. f4 Ng6 14. 0-0-0 Qa3+ 15. Kb1 d6 16. c4 Rhd8 17. h4 Rc6 18. Rh3 Rb6+ 19. Rb3 Qc5 20. g3 a6 21. Ka1 Rxb3 22. cxb3 a5 23. Kb2 b6 24. Re1 Rg8 25. Re3 Nf8 26. Be2 Nd7 27. g4 h6 28. Rd3 Rd8 29. Rg3 Nb8 30. Bf3 Nc6 31. g5 fxg5 32. hxg5 hxg5 33. Rxg5 Qd4+ 34. Qxd4 Nxd4 35. Bg4 Kf6 36. e5+ dxe5 37. Rxe5 Rg8 38. Bh5 Rg3 39. c5 Nc6 40. Rg5 Rd3 41. cxb6 Ke7 42. Rg7 Rd7 43. Rxf7+ Kd6 44. b7 Kc7 45. Ka3 Rxf7 46. Bxf7 Nd8 47. f5 exf5 48. Bd5 Nxb7 49. Ka4 Kb6 50. Bxb7 Kxb7 51. Kb5 f4 52. Kc4 a4 1/2-1/2

[Event "Catalunya-chT Gp1"]
[Site "Barcelona"]
[Date "2016.02.27"]
[Round "6.4"]
[White "Sole Bove, Josep Maria"]
[Black "Vives Jaume, Oriol"]
[Result "1/2-1/2"]
[WhiteElo "1764"]
[BlackElo "2083"]
[PlyCount "117"]
[EventDate "2016.01.23"]
[EventType "team-tourn"]
[EventRounds "7"]
[EventCountry "ESP"]
[SourceTitle "EXT 2017"]
[Source "ChessBase"]
[SourceDate "2016.10.25"]
[SourceVersion "1"]
[SourceVersionDate "2016.10.25"]
[SourceQuality "1"]
[WhiteTeam "Montcada"]
[BlackTeam "Cerdanyola Valles"]
[WhiteTeamCountry "ESP"]
[BlackTeamCountry "ESP"]

1. c4 c6 2. Nf3 Nf6 3. Nc3 d5 4. d4 e6 5. e3 Bd6 6. Bd3 Nbd7 7. 0-0 0-0 8. b3 Re8 9. c5 Bc7 10. Bb2 e5 11. dxe5 Nxe5 12. Nxe5 Bxe5 13. h3 Qa5 14. Rc1 Qxc5 15. Ne4 Qe7 16. Nxf6+ Bxf6 17. Bxf6 Qxf6 18. Qc2 g6 19. Rce1 a5 20. a3 b6 21. Rb1 Bb7 22. Qb2 Kg7 23. Qxf6+ Kxf6 24. Rfe1 Rac8 25. Rbc1 Re7 26. f3 c5 27. Kf2 Rec7 28. Re2 Bc6 29. Rec2 Bd7 30. Ba6 Ra8 31. Be2 Be6 32. Rc3 Rd7 33. Bb5 Rd6 34. Rd3 Rad8 35. Rcd1 Ke7 36. Rc3 d4 37. exd4 Rxd4 38. Re1 Kf6 39. Rce3 Rd2+ 40. R1e2 R8d4 41. Ke1 Rd1+ 42. Kf2 Ra1 43. a4 Rb1 44. Rxe6+ fxe6 45. Bc4 Rbd1 46. Rxe6+ Kg5 47. Rxb6 R4d2+ 48. Kg3 h5 49. h4+ Kf5 50. Bf7 Rd6 51. Rb5 Rc6 52. Rxa5 g5 53. hxg5 Kxg5 54. Kf2 h4 55. Bc4 Rd2+ 56. Kg1 Kf4 57. Ra8 Rg6 58. Bf1 Kg3 59. Rh8 1/2-1/2

[Event "Cerdanyola del Valles Regional-ch"]
[Site "Cerdanyola del Valles"]
[Date "2015.??.??"]
[Round "8"]
[White "Sole Bove, Josep Maria"]
[Black "Ritter Aguilar, Jordi"]
[Result "0-1"]
[WhiteElo "1910"]
[BlackElo "2087"]
[PlyCount "58"]
[EventDate "2015.10.03"]
[EventType "swiss"]
[EventRounds "8"]
[EventCountry "ESP"]
[SourceTitle "CBM 169 Extra"]
[Source "ChessBase"]
[SourceDate "2015.12.18"]
[SourceVersion "1"]
[SourceVersionDate "2015.12.18"]
[SourceQuality "1"]

1. e4 e5 2. Nf3 Nc6 3. Bb5 f5 4. 0-0 fxe4 5. Bxc6 dxc6 6. Nxe5 Nf6 7. d3 Bd6 8. f4 0-0 9. Be3 Nd5 10. Qd2 Qe7 11. d4 Be6 12. Nc3 Nf6 13. Qe2 c5 14. dxc5 Bxc5 15. Rae1 c6 16. Kh1 Bd5 17. b3 Rad8 18. Bxc5 Qxc5 19. Na4 Qa5 20. c4 Be6 21. Rd1 Bf5 22. g4 Bc8 23. c5 Qb5 24. Qg2 e3 25. Rxd8 Rxd8 26. Nc4 Nxg4 27. Re1 Qb4 28. Qg3 Nf2+ 29. Kg2 Qxe1 0-1

[Event "Cerdanyola del Valles op 30th"]
[Site "Cerdanyola del Valles"]
[Date "2012.10.06"]
[Round "2"]
[White "Ramirez Garcia, Lluis"]
[Black "Sole Bove, Josep Maria"]
[Result "1/2-1/2"]
[WhiteElo "1823"]
[BlackElo "1868"]
[PlyCount "122"]
[EventDate "2012.09.29"]
[EventType "swiss"]
[EventRounds "8"]
[EventCountry "ESP"]
[SourceTitle "EXT 2014"]
[Source "ChessBase"]
[SourceDate "2013.11.20"]
[SourceVersion "1"]
[SourceVersionDate "2013.11.20"]
[SourceQuality "1"]

1. e4 e5 2. Nf3 Nc6 3. Bb5 a6 4. Ba4 Nf6 5. 0-0 b5 6. Bb3 Be7 7. Re1 0-0 8. c3 d5 9. exd5 Nxd5 10. Nxe5 Nxe5 11. Rxe5 c6 12. d4 Bd6 13. Re1 Qh4 14. g3 Qh3 15. Bxd5 cxd5 16. Qf3 Be6 17. Bf4 Rae8 18. Nd2 Be7 19. Re5 f6 20. Re3 Bf7 21. g4 Qxf3 22. Nxf3 g5 23. Rae1 Bd8 24. Bd6 Rxe3 25. Rxe3 Re8 26. Rxe8+ Bxe8 27. Nd2 h5 28. f3 hxg4 29. fxg4 Bd7 30. h3 f5 31. gxf5 Bxf5 32. Kh2 Kf7 33. Kg3 Ke6 34. Be5 Be7 35. Bc7 Kd7 36. Bb8 Kc8 37. Be5 Kd7 38. Nf3 Ke6 39. Nh2 b4 40. cxb4 Bxb4 41. Nf3 Be7 42. a3 a5 43. b4 axb4 44. axb4 Bd3 45. Kg4 Be2 46. b5 Bd8 47. Bb8 Bb6 48. Be5 Bxf3+ 49. Kxf3 Kf5 50. Bd6 Bxd4 51. Bc7 Ke6 52. Kg4 Kd7 53. Bg3 Be3 54. Kf5 Kc8 55. Ke5 d4 56. Ke4 Kb7 57. Be5 Kb6 58. Bxd4+ Bxd4 59. Kxd4 Kxb5 60. Kd5 Kb6 61. Kd6 Kb7 1/2-1/2

[Event "Cerdanyola del Valles op-A 29th"]
[Site "Cerdanyola del Valles"]
[Date "2011.10.22"]
[Round "4"]
[White "Sole Bove, Josep Maria"]
[Black "Garcia Playa, David"]
[Result "1-0"]
[WhiteElo "1851"]
[BlackElo "1821"]
[PlyCount "41"]
[EventDate "2011.10.01"]
[EventType "swiss"]
[EventRounds "8"]
[EventCountry "ESP"]
[SourceTitle "EXT 2013"]
[Source "ChessBase"]
[SourceDate "2012.11.22"]
[SourceVersion "1"]
[SourceVersionDate "2012.11.22"]
[SourceQuality "1"]

1. d4 e6 2. c4 f5 3. Nf3 Nf6 4. g3 b6 5. Bg2 Bb7 6. 0-0 Be7 7. Nc3 0-0 8. Bg5 Ne4 9. Bxe7 Qxe7 10. Qc2 Nxc3 11. Qxc3 f4 12. e3 g5 13. exf4 gxf4 14. Rae1 Qf6 15. Re5 d6 16. Rg5+ Kh8 17. Rg4 Qh6 18. d5+ e5 19. gxf4 Rxf4 20. Nxe5 Rxg4 21. Nf7+ 1-0

[Event "Cerdanyola del Valles op-A 29th"]
[Site "Cerdanyola del Valles"]
[Date "2011.10.01"]
[Round "1"]
[White "Sole Bove, Josep Maria"]
[Black "Vazquez Gamero, Miguel"]
[Result "0-1"]
[WhiteElo "1851"]
[BlackElo "2095"]
[PlyCount "52"]
[EventDate "2011.10.01"]
[EventType "swiss"]
[EventRounds "8"]
[EventCountry "ESP"]
[SourceTitle "EXT 2013"]
[Source "ChessBase"]
[SourceDate "2012.11.22"]
[SourceVersion "1"]
[SourceVersionDate "2012.11.22"]
[SourceQuality "1"]

1. e4 d5 2. exd5 Nf6 3. Bb5+ Bd7 4. Qe2 Nxd5 5. Bxd7+ Qxd7 6. d3 Nc6 7. Nf3 0-0-0 8. Bd2 e5 9. 0-0 Nd4 10. Nxd4 exd4 11. Qf3 Bd6 12. Kh1 Nf6 13. Bg5 Ng4 14. Bf4 Bxf4 15. Qxf4 Rde8 16. h3 h5 17. Kg1 g5 18. Qg3 f5 19. Na3 f4 20. Qf3 Ne5 21. Qd1 f3 22. Nc4 fxg2 23. Kxg2 Qd5+ 24. f3 g4 25. Nxe5 Rxe5 26. hxg4 hxg4 0-1

[Event "Cerdanyola del Valles op 28th"]
[Site "Cerdanyola del Valles"]
[Date "2010.10.09"]
[Round "2"]
[White "Sole Bove, Josep Maria"]
[Black "Sanchez Canales, Pol"]
[Result "1-0"]
[WhiteElo "1871"]
[BlackElo "1694"]
[PlyCount "69"]
[EventDate "2010.10.02"]
[EventType "swiss"]
[EventRounds "7"]
[EventCountry "ESP"]
[SourceTitle "EXT 2012"]
[Source "ChessBase"]
[SourceDate "2011.11.24"]
[SourceVersion "1"]
[SourceVersionDate "2011.11.24"]
[SourceQuality "1"]

1. e4 e6 2. d4 d5 3. Nd2 Nf6 4. e5 Nfd7 5. Bd3 c5 6. c3 Nc6 7. Ne2 cxd4 8. cxd4 f6 9. f4 fxe5 10. dxe5 Qb6 11. Nf3 Bc5 12. Nc3 Nb4 13. Bb1 Bf2+ 14. Kf1 Bh4 15. Nxh4 0-0 16. Nf3 Qc7 17. Qd4 Nc6 18. Qd3 g6 19. Kg1 Qb6+ 20. Be3 Qxb2 21. Nxd5 Qxa1 22. h4 Ncxe5 23. Nxe5 Nxe5 24. fxe5 Qxe5 25. Ne7+ Kf7 26. Nxc8 Raxc8 27. h5 Kg8 28. hxg6 hxg6 29. Qxg6+ Qg7 30. Qh5 Rc7 31. Rh4 Qc3 32. Bh7+ Kh8 33. Bf5+ Kg8 34. Bxe6+ Rcf7 35. Qh7# 1-0

[Event "Juvenil op"]
[Site "Spain"]
[Date "1997.??.??"]
[Round "5"]
[White "Basora Pascual, Lluc"]
[Black "Sole Bove, Josep Maria"]
[Result "0-1"]
[WhiteElo "2100"]
[BlackElo "2135"]
[PlyCount "62"]
[EventDate "1997.??.??"]
[EventType "swiss"]
[EventRounds "8"]
[EventCountry "ESP"]
[SourceTitle "EXT 1999"]
[Source "ChessBase"]
[SourceDate "1998.11.16"]
[SourceVersion "1"]
[SourceVersionDate "1998.11.16"]
[SourceQuality "1"]

1. e4 c6 2. d4 d5 3. e5 Bf5 4. Nc3 e6 5. g4 Bg6 6. Nge2 c5 7. Be3 Nc6 8. h4 h6 9. f4 cxd4 10. Bxd4 h5 11. g5 Nge7 12. Bh3 Nf5 13. Bxf5 Bxf5 14. Rc1 Qa5 15. Ng3 Bg4 16. Qd2 g6 17. a3 Rc8 18. Nce2 Qb5 19. b4 Nxd4 20. Nxd4 Qc4 21. Nge2 a5 22. c3 Be7 23. Kf2 0-0 24. Rhd1 Bd8 25. Qd3 Bb6 26. Qxc4 Rxc4 27. Kg3 axb4 28. cxb4 Rfc8 29. Rxc4 Rxc4 30. Rd3 Kf8 31. Kf2 Bxe2 0-1

[Event "Barcelona op rap"]
[Site "Barcelona"]
[Date "1996.12.15"]
[Round "6"]
[White "Sole Bove, Josep Maria"]
[Black "Ridameya Tatche, Jose Miguel"]
[Result "0-1"]
[WhiteElo "2075"]
[BlackElo "2210"]
[PlyCount "62"]
[EventDate "1996.12.??"]
[EventType "swiss (rapid)"]
[EventRounds "8"]
[EventCountry "ESP"]
[SourceTitle "EXT 2001"]
[Source "ChessBase"]
[SourceDate "2000.11.22"]
[SourceVersion "1"]
[SourceVersionDate "2000.11.22"]
[SourceQuality "1"]

1. Nf3 d5 2. g3 Nc6 3. Bg2 e5 4. 0-0 e4 5. Ne1 f5 6. d3 Nf6 7. Bg5 h6 8. Bxf6 Qxf6 9. Nc3 Be6 10. dxe4 dxe4 11. Nd5 Qf7 12. Nf4 Rd8 13. Qc1 Bc5 14. c3 Bc4 15. b3 Ba6 16. Qc2 g5 17. Nh3 0-0 18. a4 b5 19. b4 Be7 20. a5 Bf6 21. Rc1 Ne7 22. f3 Nd5 23. fxe4 Ne3 24. Qb1 Nxf1 25. Bxf1 fxe4 26. Ng2 Bb7 27. e3 a6 28. Be2 Rd2 29. Rc2 Rfd8 30. Rxd2 Rxd2 31. Qf1 Bxc3 0-1